Provinces of Angola with a Map - Statistics

General Stats
  • This quiz has been taken 2,938 times
  • The average score is 10 of 18
Answers on the Map
Answers color-coded by a green-red scale on the quiz's map according to % correct below.
 
Answer Stats
Province % Correct
Luanda
95%
Cabinda
81%
Zaire
61%
Benguela
59%
Lunda Norte
58%
Lunda Sul
58%
Moxico
58%
Namibe
57%
Bié
52%
Huambo
52%
Cuanza Norte
50%
Cuanza Sul
50%
Cuando-Cubango
49%
Uíge
49%
Bengo
48%
Cunene
46%
Huíla
46%
Malanje
46%
No matching quizzes found
Score Distribution
Percent of People with Each Score
Percentile by Number Answered
Your Score History
You have not taken this quiz